Ethics of connected and automated vehicles Recommendations on road safety, privacy, fairness, explainability and responsibility

Bibliographic Details
Format: eBook
Language:English
Published: Bruselas: European Union Publications Office, 2020
Subjects:
Online Access:Acceso restringido

MARC

LEADER 00000nam a22000007a 4500
005 20210907015413.0
007 cr|||| |||
008 210907s2020 eu |||||s|||| 00||0 eng d
020 |a 978-92-76-17867-5 
035 |a 34143 
040 |a vLex 
090 |c 12286  |d 12286 
245 0 0 |a Ethics of connected and automated vehicles  |h [Recurso electrn̤ico] :  |b Recommendations on road safety, privacy, fairness, explainability and responsibility 
256 |a Servicio en ln̕ea 
260 |a Bruselas:  |b European Union Publications Office,  |c 2020 
300 |a 1 recurso electrn̤ico 
506 1 |a Disponible solo en los productos indicados  |d vLex Global  |d vLex Global (Academic Edition, excluding Law Schools)  |d vLex Global (U.S. Academic Edition, Law Schools)  |d vLex Global (U.S. Academic Edition, excluding Law Schools)  |d vLex Global (Academic Edition, Law Schools) 
650 0 4 |a Transportes  |z Unin̤ Europea 
650 0 4 |a Derecho Comunitario  |z Unin̤ Europea 
740 0 |a vLex Libros (Servicio en ln̕ea) 
856 4 0 |u https://app.vlex.com/#/sources/34143  |z Acceso restringido 
942 |c BOOK 
999 0 |a Transport 
999 0 |a Community Law